| 000 | 00837nam a2200229 a 4500 | ||
|---|---|---|---|
| 001 | 48375 | ||
| 003 | BD-RjUL | ||
| 005 | 20211209054518.0 | ||
| 008 | 160811s1975 bg ||||| |||| 00| 0 ben d | ||
| 020 | _c: Tk. 10.00 | ||
| 035 | _a(BD-RjUL) 48494 | ||
| 040 |
_aBD-RjUL _bben _cBD-RjUL |
||
| 041 | _aben | ||
| 082 |
_223 _a891.4409 _bHAA 1975 |
||
| 100 | 1 |
_aহাফিজ, আবদুল _9124257 |
|
| 245 | 1 | 0 |
_aআধুনিক সাহিত্য চর্চা / _cআবদুল হাফিজ |
| 260 |
_aঢাকা : _bমুক্তধারা, _c১৯৭৫ |
||
| 300 |
_a১৫৪ পৃ. ; _c২১ সেমি. |
||
| 650 |
_aবাংলা সাহিত্য _xইতিহাস ও সমালোচনা _9118060 |
||
| 650 |
_aBengali literature _xHistory and Criticism _9117020 |
||
| 942 |
_2ddc _cBK |
||
| 999 |
_c48375 _d48375 |
||